000 01037cam a22002054a 4500
005 20250605163940.0
008 250528s ||||||||||||||||||||||||d
035 _a14995
020 _a9604052128
040 _aGR-AtMCL
_bgre
_dGR-AtMCL
_eAACR2
245 1 _aΕισαγωγή στη Λειτουργία και Τις Εφαρμογές των Η.Υ. / Οι Υπολογιστές IBM-PC/ XT/ AT &PS/ 2 και οι Συμβατοί
260 _bΊων,
_c1990
300 _a480
520 _aΟ Η.Υ. και τα Περιφερειακά του, Το Λειτουργικό Σύστημα, Η Γλώσσα Προγραμματισμού BASIC, Επεξεργασία Κειμένου με το Πακέτο Volkwriter, Βάσεις Δεδομένων - Το Πακέτο dBASE, Λογιστικά Φύλλα - Το Πακέτο Lotus 1-2-3, Παράρτημα, Ευρετήριο Όρων.
700 1 _aΠατέστου Γ
_9822
700 1 _aΦραγκόπουλος Σ
_9823
942 _cBK
999 _c602
_d602